Riviera francesa = L'homme qu'on aimait trop /
Basada en la historia de la desaparición de Agnès Le Roux, hija de la dueña de un casino de la costa de Niza, Francia, en 1977. La joven Agnès, recién llegada de Africa después de un malogrado matrimonio, se enamoró perdidamente de Maurice Agnelet, abogado y asistente personal de su madre, Renèe Le...
保存先:
| 第一著者: | |
|---|---|
| その他の著者: | , , |
| フォーマット: | |
| 言語: | フランス語 |
| シリーズ: | (Collector's Edition ZD)
(Tour de Cine Francés) |
| 主題: | |
| タグ: |
タグなし, このレコードへの初めてのタグを付けませんか!
|
MARC
| LEADER | 00000ngm^a2200000^a^4500 | ||
|---|---|---|---|
| 001 | 000395390 | ||
| 005 | 20250521000000.0 | ||
| 009 | 20260310121401.382 | ||
| 037 | |a Acervo ITESO - Biblioteca | ||
| 041 | |a FRA | ||
| 082 | |a 840. |b TEC | ||
| 100 | |a Téchiné, André |e (realización) | ||
| 240 | 1 | 1 | |a [Riviera francesa] |
| 245 | 1 | 0 | |a Riviera francesa = |b L'homme qu'on aimait trop / |c Realización de A. Téchnié. |
| 264 | 2 | |a México : |b Zatmeni [distribución], |c copyright fecha no identificada | |
| 300 | |a 1 DVD regiones 1 y 4 (116 min) : |b color | ||
| 336 | |a imagen móvil bidimensional |b tdi |2 rdacontenido | ||
| 337 | |a video |b v |2 rdamedio | ||
| 338 | |a videodisco |b vd |2 rdasoporte | ||
| 440 | 1 | |a (Collector's Edition ZD) | |
| 440 | 1 | |a (Tour de Cine Francés) | |
| 500 | |a Basado en: Une femme face à la mafia, de Renée Le Roux y Jean-Charles Le Roux | ||
| 520 | |a Basada en la historia de la desaparición de Agnès Le Roux, hija de la dueña de un casino de la costa de Niza, Francia, en 1977. La joven Agnès, recién llegada de Africa después de un malogrado matrimonio, se enamoró perdidamente de Maurice Agnelet, abogado y asistente personal de su madre, Renèe Le Roux. Maurice, bien conectado con la mafia de los casinos, convence a Agnès de vender sus acciones a Jean-Dominique Fratoni, quien pretendía controlar en su totalidad el negocio y convertirse en el emperador de los juegos. Agnès, dándose cuenta de la traición a su madre, intentó suicidarse y, unos días después desapareció sin dejar huella. Maurice es el principal sospechoso, juzgado y condenado por un asesinato que no se ha podido comprobar. | ||
| 546 | |a En francés, con subtítulos opcionales: español | ||
| 649 | |a XX | ||
| 650 | |a Madres Francesas - |z Memorias - |x Adaptaciones para Cine | ||
| 650 | |a Desaparecidos en el Cine | ||
| 650 | |a Mujeres en el Cine | ||
| 650 | |a Películas Históricas | ||
| 650 | |a Dramas Cinematográficos | ||
| 650 | |a Cine Francés - |y 2010-2019 | ||
| 650 | |a Cine Francés - |y Siglo XXI | ||
| 650 | |a Casinos - |z Francia - |x Historia - |y 1974-1981 | ||
| 650 | |a Traición - |z Francia - |x Historia - |y 1974-1981 | ||
| 650 | |a Relaciones de Pareja - |z Francia - |x Historia - |y 1974-1981 | ||
| 650 | |a Relaciones Familiares - |z Francia - |x Historia - |y 1974-1981 | ||
| 650 | |a Divorcio - |z Francia - |x Historia - |y 1974-1981 | ||
| 650 | |a Suicidio - |z Francia - |x Historia - |y 1974-1981 | ||
| 650 | |a Homicidio - |z Francia - |x Historia - |y 1974-1981 | ||
| 650 | |a Juicios - |z Francia - |x Historia | ||
| 650 | |a Niza, Francia en el Cine | ||
| 650 | |a Francia en el Cine | ||
| 650 | |a Le Roux, Agnès - |x Tema Principal | ||
| 650 | |a Le Roux, Renée | ||
| 700 | |a Canet, Guillaume |e (actuación) | ||
| 700 | |a Deneuve, Catherine |e (actuación) | ||
| 700 | |a Haenel, Adèle |e (actuación) | ||
| 910 | |a Fondo General | ||
| 920 | |a Audiovisuales - DVDs | ||
| 940 | |a Películas | ||
| 905 | |a 302 | ||
| 901 | |a 0500290708 |b IT2 |c DVS |i C151556 |u 20250521 | ||
| 902 | |a https://opac.biblio.iteso.mx/vufind/Record/000395390 | ||